Statistiques concernant Qui est-ce sur le cyclisme

Cliquez ici pour prendre le quiz!

Statistiques générales

  • Ce quiz a été pris 944 fois
  • Le résultat moyen est 6 sur 8

Statistiques - réponses

Réponse% Correct
Pogacar
95%
Barguil
94%
Carapaz
87%
Van der poel
83%
Naesen
73%
Landa
69%
Soupe
50%
Teunissen
50%

Distribution des résultats

Percentile par nombre de réponses

% des personnes avec chaque résultat

Votre développement - résultats

Vous n’avez pas pris ce quiz